| 000 | 00975nam a2200205Ia 4500 | ||
|---|---|---|---|
| 001 | 7352 | ||
| 003 | GE_BSU | ||
| 008 | 181216s||||||||xx |||||||||||||| ||und|| | ||
| 040 | _cGE_BSU | ||
| 080 | _a01 | ||
| 100 | _aსურმანიძე რამაზ | ||
| 245 | _aბიბლიოგრაფია "რუსეთ–საქართველოს მეგობრული ურთიერთობანი". 1964 – 2008. | ||
| 245 | _bБиблиография "русско-грузинские дружеские связи | ||
| 245 | _cრამაზ სურმანიძე; რედ.: ოთარ გოგოლიშვილი. | ||
| 260 | _aბათუმი. | ||
| 260 | _c2009. | ||
| 300 | _a256 გვ.; ილ.; 21 სმ. | ||
| 653 | _aბიბლიოგრაფია "რუსეთ–საქართველოს მეგობრული ურთიერთობანი". 1964 – 2008. | ||
| 942 | _cBK | ||
| 999 |
_c40715 _d40715 |
||